000 00292nam a2200121Ia 4500
008 190722s9999 xx 000 0 und d
020 _a978-93-5014-562-3
100 _aShadab Irfan
245 0 _aReal Time System
260 _aNew Delhi
_bS.K. Kataria & Sons
_c2014
300 _a356
942 _cBK
999 _c125
_d125